<?xml version="1.0" encoding="UTF-8"?>
<record
    xmlns:xsi="http://www.w3.org/2001/XMLSchema-instance"
    xsi:schemaLocation="http://www.loc.gov/MARC21/slim http://www.loc.gov/standards/marcxml/schema/MARC21slim.xsd"
    xmlns="http://www.loc.gov/MARC21/slim">

  <leader>00739nam a2200121   4500</leader>
  <controlfield tag="005">20260424154700.0</controlfield>
  <datafield tag="084" ind1=" " ind2=" ">
    <subfield code="2">Colon Classification</subfield>
    <subfield code="a">O32:31x:g(V:5) </subfield>
  </datafield>
  <datafield tag="100" ind1=" " ind2=" ">
    <subfield code="a">&#xD30;&#xD3E;&#xD16;&#xD3F; ,&#xD0E;&#xD38;&#xD4D;</subfield>
    <subfield code="9">13892</subfield>
  </datafield>
  <datafield tag="240" ind1=" " ind2=" ">
    <subfield code="a">Adhikarathinte Avishkarathalangal Malayala cherukathayil</subfield>
  </datafield>
  <datafield tag="245" ind1=" " ind2=" ">
    <subfield code="a"> &#xD05;&#xD27;&#xD3F;&#xD15;&#xD3E;&#xD30;&#xD24;&#xD4D;&#xD24;&#xD3F;&#xD28;&#xD4D;&#xD31;&#xD46; &#xD06;&#xD35;&#xD3F;&#xD37;&#xD4D;&#xD15;&#xD4D;&#xD15;&#xD3E;&#xD30;&#xD24;&#xD32;&#xD19;&#xD4D;&#xD19;&#xD7E;   &#xD2E;&#xD32;&#xD2F;&#xD3E;&#xD33; &#xD1A;&#xD46;&#xD31;&#xD41;&#xD15;&#xD25;&#xD2F;&#xD3F;&#xD7D;  : &#xD2E;&#xD3E;&#xD27;&#xD35;&#xD3F;&#xD15;&#xD4D;&#xD15;&#xD41;&#xD1F;&#xD4D;&#xD1F;&#xD3F; , &#xD38;&#xD3E;&#xD31; &#xD1C;&#xD4B;&#xD38;&#xD2B;&#xD4D; , &#xD15;&#xD46;.&#xD06;&#xD7C; &#xD2E;&#xD40;&#xD30;, &#xD0E;&#xD28;&#xD4D;&#xD28;&#xD3F;&#xD35;&#xD30;&#xD41;&#xD1F;&#xD46; &#xD24;&#xD3F;&#xD30;&#xD1E;&#xD4D;&#xD1E;&#xD46;&#xD1F;&#xD41;&#xD24;&#xD4D;&#xD24;  &#xD15;&#xD25;&#xD15;&#xD33;&#xD46; &#xD06;&#xD38;&#xD4D;&#xD2A;&#xD26;&#xD2E;&#xD3E;&#xD15;&#xD4D;&#xD15;&#xD3F;&#xD2F;&#xD41;&#xD33;&#xD4D;&#xD33; &#xD2A;&#xD20;&#xD28;&#xD02; </subfield>
  </datafield>
  <datafield tag="260" ind1=" " ind2=" ">
    <subfield code="a">TVPM, </subfield>
    <subfield code="b">University College, UOK,</subfield>
    <subfield code="c">2025</subfield>
  </datafield>
  <datafield tag="942" ind1=" " ind2=" ">
    <subfield code="2">CC</subfield>
    <subfield code="c">TH</subfield>
  </datafield>
  <datafield tag="999" ind1=" " ind2=" ">
    <subfield code="c">758857</subfield>
    <subfield code="d">758857</subfield>
  </datafield>
  <datafield tag="952" ind1=" " ind2=" ">
    <subfield code="0">0</subfield>
    <subfield code="1">0</subfield>
    <subfield code="2">CC</subfield>
    <subfield code="4">0</subfield>
    <subfield code="7">0</subfield>
    <subfield code="8">REF</subfield>
    <subfield code="a">LIB</subfield>
    <subfield code="b">LIB</subfield>
    <subfield code="c">Thesis</subfield>
    <subfield code="d">2026-04-21</subfield>
    <subfield code="l">0</subfield>
    <subfield code="o">O32:31x:g(V:5)  R5 (RT)</subfield>
    <subfield code="p">G46462</subfield>
    <subfield code="r">2026-04-21 16:23:29</subfield>
    <subfield code="w">2026-04-21</subfield>
    <subfield code="y">TH</subfield>
  </datafield>
</record>
